Countries Bordering 'L' Countries - Statistics

General Stats
  • This quiz has been taken 1,070 times
    1,067 since last reset
  • The average score is 23 of 28
Answer Stats
Country % Correct
Russia
91%
Estonia
90%
Germany
90%
France
89%
Belgium
88%
Belarus
87%
Egypt
87%
Switzerland
87%
Vietnam
87%
Poland
86%
Austria
84%
Cambodia
84%
Algeria
83%
Lithuania
82%
South Africa
82%
Latvia
81%
Thailand
81%
Israel
79%
Sierra Leone
79%
Chad
78%
Syria
78%
Tunisia
78%
China
77%
Guinea
74%
Sudan
74%
Cote d'Ivoire
73%
Niger
65%
Burma
60%
No matching quizzes found
Score Distribution
Percent of People with Each Score
Percentile by Number Answered
Your Score History
You have not taken this quiz since the last reset